| 000 | 01008nam a22002657a 4500 | ||
|---|---|---|---|
| 005 | 20090720095317.0 | ||
| 008 | 090720t xxu||||| |||| 00| 0 eng d | ||
| 010 | _aENG-94473 | ||
| 020 |
_a9788178299082 _c495.00 |
||
| 035 | _aEN-78006 | ||
| 037 | _bDBAD / PUB | ||
| 040 |
_adpl _bEnglish |
||
| 082 | _a658.110954 | ||
| 100 | _aRaghu Nandan | ||
| 245 |
_aUnleashing your entrepreneurial potential / _cby Raghu Nandan |
||
| 260 |
_aNew Delhi _bResponse Books _c2009 |
||
| 270 |
_aB1/I-1, Mohan Cooperative Industrial Area, Mathura Road, _bNew Delhi _e110044 |
||
| 300 |
_axvi, 353p. _c25cm (pbk) |
||
| 500 | _aIncludes index | ||
| 650 |
_aEntrepreneurship _zIndia |
||
| 650 |
_a New business enterprises _zIndia _xManagement |
||
| 650 | _aBusinesspeople | ||
| 942 |
_2ddc _cEN _mRAG _h658.110954 |
||
| 999 |
_c28428 _d28428 |
||